| 000 | 00829nam0a22002891 4500 | ||
|---|---|---|---|
| 001 | RU\NLR\INFOCOMM5\ROSSICA\1000307435 | ||
| 005 | 20260406131836.0 | ||
| 035 | _a(NLR Aleph) 009983263 | ||
| 090 |
_a9705085 _c9705085 |
||
| 100 | _a20030917d1823 |||y0rusy50 ca | ||
| 101 | 1 |
_ager _crus |
|
| 102 | _aRU | ||
| 105 | _ay ||||000ay | ||
| 200 | 1 |
_aDer Berggefangene _fAlexander Puschkin _gTraduction de Wulffert |
|
| 210 |
_aSt.Petersburg _d1823 |
||
| 215 | _d8° | ||
| 700 | 1 |
_4070 _8rus _7ba _aPuškin _bA. S. _cпоэт _f1799-1837 _gAleksandr Sergeevič _3RU\NLR\AUTH\771614 _9111634 |
|
| 702 | 1 |
_aWulffert _4730 |
|
| 801 | 1 |
_aRU _bInfoComm _c20030917 |
|
| 801 | 0 |
_aRU _bNLR _gPSBO |
|
| 852 |
_aNLR _j14.46.1.133 |
||
| 852 |
_aNLR _j13.3.2.162 |
||
| 942 | _cBOOK | ||
| 980 | _aNB | ||
| 980 | _aRossica | ||